[Event "TCh-FIN 2016-17"]
[Site "Finland FIN"]
[Date "2017.03.11"]
[Round "10.4"]
[White "Ahvenjarvi,Jani"]
[Black "Holmsten,A"]
[Result "1-0"]
[WhiteElo "2342"]
[BlackElo "2328"]

1.e4 d5 2.exd5 Qxd5 3.Nf3 Nf6 4.d4 Bg4 5.Be2 e6 6.O-O Be7 7.h3 Bh5 8.c4 Qd6
9.Nc3 O-O 10.Be3 Nc6 11.Nb5 Qd8 12.Ne5 Bxe2 13.Qxe2 Nxe5 14.dxe5 Nd7 15.Rfd1
c6 16.Nd6 Nxe5 17.Nxf7 Qc7 18.Ng5 Bxg5 19.Bxg5 Rae8 20.Rd4 Rf5 21.Bf4 g5
22.Bg3 Qg7 23.Re4 Nf7 24.Rd1 e5 25.Rd7 Qf6 26.c5 Re7 27.Rxe7 Qxe7 28.Qc4 Kg7
29.Re3 Kf6 30.b4 Qe6 31.Qe2 Kg6 32.Bh2 h5 33.g4 hxg4 34.hxg4 Rf4 35.Bxf4 gxf4
36.Rd3 Qc4 37.a3 e4 38.Rd2 Qe6 39.Rd4 Kg5 40.Qxe4 {#r} 1-0

[Event "TCh-FIN 2016-17"]
[Site "Finland FIN"]
[Date "2017.03.11"]
[Round "10.5"]
[White "Sorsa,N"]
[Black "Pohjala,H"]
[Result "0-1"]
[WhiteElo "2230"]
[BlackElo "2376"]

1.e4 d5 2.exd5 Qxd5 3.Nc3 Qd8 4.g3 Nf6 5.Bg2 c6 6.Nf3 Bg4 7.h3 Bxf3 8.Qxf3 e6
9.O-O Nbd7 10.Ne2 Bd6 11.d4 O-O 12.Qb3 Qb6 13.Rd1 Rad8 14.Bd2 a6 15.Qxb6 Nxb6
16.Ba5 Bc7 17.Rd3 Rd7 18.b3 Nbd5 19.Bd2 Rfd8 20.Rd1 Ne7 21.Bc1 h6 22.Bb2 Nf5
23.Kf1 Nd5 24.a3 Nf6 25.Ke1 h5 26.Kd2 a5 27.Ke1 a4 28.bxa4 Ra8 29.Rb3 Rxa4
30.c3 Nd6 31.Rb4 Ra7 32.Nf4 h4 33.Ne2 hxg3 34.fxg3 Nd5 35.Bxd5 exd5 36.Rd3 Nc4
37.Bc1 Bd6 38.Rb1 b5 39.Ra1 Bxa3 40.Bxa3 Nxa3 41.Kf2 Nc4 42.Rdd1 Kh7 43.g4 Ra4
44.Nf4 Rda7 45.Rxa4 Rxa4 46.Kg3 Ra3 47.Rd3 b4 48.cxb4 g5 49.Rxa3 gxf4+ 50.Kxf4
Nxa3 51.Ke5 Nc2 52.b5 cxb5 53.Kxd5 b4 54.Kc4 b3 55.Kxb3 Nxd4+ 56.Kc4 Nf3
57.Kd5 Kg6 58.Kd6 Kf6 59.Kd7 Ng5 60.h4 Nf3 61.h5 Ne5+ {#R} 0-1

[Event "TCh-FIN 2016-17"]
[Site "Finland FIN"]
[Date "2017.03.11"]
[Round "10.6"]
[White "Koykka,P"]
[Black "Topi Hulmi,T"]
[Result "1-0"]
[WhiteElo "2312"]
[BlackElo "2207"]

1.e4 e5 2.Nf3 Nc6 3.d4 exd4 4.Nxd4 Bc5 5.Nxc6 Qf6 6.Qf3 dxc6 7.Bc4 Qxf3 8.gxf3
Ne7 9.Be3 Bd6 10.f4 Ng6 11.f5 Nf4 12.Rg1 Be5 13.Nd2 g6 14.O-O-O gxf5 15.Nf3 f6
16.Nxe5 fxe5 17.exf5 Bxf5 18.Rg5 Rf8 19.Bc5 Be6 20.Rg7 Bd5 21.Bxd5 cxd5
22.Bxf8 Kxf8 23.Rxh7 Kg8 24.Rxc7 Rf8 25.Rg1+ Kh8 26.Rgg7 Ne6 27.Rgf7 Nxc7
28.Rxf8+ Kg7 29.Rd8 {#r} 1-0

[Event "TCh-FIN 2016-17"]
[Site "Finland FIN"]
[Date "2017.03.11"]
[Round "10.1"]
[White "Syvalahti,Timo"]
[Black "Agopov,M"]
[Result "0-1"]
[WhiteElo "2121"]
[BlackElo "2440"]

1.d4 Nf6 2.c4 e6 3.g3 c5 4.Nf3 cxd4 5.Nxd4 Nc6 6.Bg2 Bc5 7.Nb3 Be7 8.Nc3 d6
9.O-O O-O 10.a3 Ne5 11.Qd4 Qc7 12.Nd2 a6 13.b3 Rb8 14.Nde4 Nxe4 15.Nxe4 f5
16.Nc3 Bf6 17.Qd2 b5 18.cxb5 axb5 19.Bb2 d5 20.Rfc1 Qb6 21.e3 Bd7 22.Ne2 Nd3
23.Bd4 Bxd4 24.Qxd3 Bxa1 25.Rxa1 Rfc8 26.Nf4 Rc7 27.Rd1 Rbc8 28.Ne2 h6 29.h4
Qd6 30.b4 Qe5 31.Kh2 Rc4 32.Kg1 Qb2 33.Kf1 Qc2 34.Qxc2 Rxc2 35.e4 fxe4 36.Bxe4
Ra2 37.Rd3 Rcc2 38.Bf3 Kf8 39.Bg4 Ke7 40.f4 e5 41.Bxd7 Rxe2 42.Bxb5 exf4
43.gxf4 Red2 44.Rxd2 Rxd2 45.h5 Kd6 46.Be8 Rb2 47.Ke1 d4 48.Bf7 Kc6 49.Kd1 Kb5
50.Kc1 Rh2 51.f5 Ka4 52.Be8+ Kxa3 53.b5 Kb3 54.b6 Kc3 55.Bc6 Rb2 56.b7 d3
57.Ba4 Rxb7 58.f6 gxf6 59.Bc2 Re7 {#R} 0-1

[Event "TCh-FIN 2016-17"]
[Site "Finland FIN"]
[Date "2017.03.11"]
[Round "10.2"]
[White "Sammalvuo,T"]
[Black "Hellen,Bo"]
[Result "1-0"]
[WhiteElo "2417"]
[BlackElo "2044"]

1.d4 f5 2.g3 Nf6 3.Bg2 e6 4.Nf3 Be7 5.c4 O-O 6.O-O d6 7.Nc3 Qe8 8.b3 Qh5 9.Ba3
Re8 10.Re1 g5 11.e4 fxe4 12.Nd2 Qxd1 13.Raxd1 d5 14.Bxe7 Rxe7 15.f3 Nc6
16.fxe4 Nxd4 17.exd5 e5 18.Nde4 Ng4 19.h3 Nc2 20.hxg4 Nxe1 21.Rxe1 h6 22.d6
Rf7 23.Nd5 c6 24.Ne7+ Kg7 25.Nf2 Bd7 26.Rxe5 Raf8 27.Re2 a5 28.c5 a4 29.b4 a3
30.Be4 h5 31.Bf5 Bxf5 32.gxf5 g4 33.Re6 Rf6 34.Ne4 Rxf5 35.Nxf5+ Rxf5 36.d7
{#r} 1-0

[Event "TCh-FIN 2016-17"]
[Site "Finland FIN"]
[Date "2017.03.11"]
[Round "10.4"]
[White "Paakkonen,T"]
[Black "Titovets,Sergei"]
[Result "0-1"]
[WhiteElo "2259"]
[BlackElo "2042"]

1.e4 Nc6 2.d4 e5 3.dxe5 Nxe5 4.Nf3 Nxf3+ 5.Qxf3 Qf6 6.Qg3 Qg6 7.Qxc7 Bb4+ 8.c3
Bd6 9.Qc4 Nf6 10.f3 Bxh2 11.Be3 Bg3+ 12.Kd1 O-O 13.Bd3 d5 14.exd5 Bf5 15.Kc2
Rac8 16.Bxf5 Qxf5+ 17.Qd3 Nxd5 18.Qxf5 Nxe3+ 19.Kb3 Nxf5 20.Nd2 Bf4 21.Ne4 Ng3
22.Rh4 Nxe4 23.Rxf4 Nc5+ 24.Ka3 Rc6 25.Rd4 Rfc8 26.Rad1 f6 27.b3 Ne6 28.Rd7
R8c7 29.c4 Rxd7 30.Rxd7 Rc7 31.Rd2 h5 32.Kb4 Kf7 33.Kc3 b5 34.a4 bxc4 35.bxc4
Rc5 36.Rd6 a5 {#R} 0-1

[Event "TCh-FIN 2016-17"]
[Site "Finland FIN"]
[Date "2017.03.11"]
[Round "10.5"]
[White "Wikman,Jimmy"]
[Black "Hokkanen,P"]
[Result "0-1"]
[WhiteElo "2036"]
[BlackElo "2251"]

1.e4 d6 2.d4 Nf6 3.Bd3 g6 4.Ne2 Bg7 5.Nd2 O-O 6.O-O e5 7.dxe5 dxe5 8.f3 Nc6
9.Bc4 Qe7 10.c3 Rd8 11.Kh1 Na5 12.Qa4 Nxc4 13.Nxc4 a6 14.Bg5 b5 15.Qa3 Qxa3
16.Nxa3 Be6 17.b3 h6 18.Bxf6 Bxf6 19.Rfd1 Be7 20.Nc2 Bc5 21.g4 a5 22.Ne1 Bb6
23.Nd3 f6 24.Nb2 Rxd1+ 25.Rxd1 a4 26.bxa4 bxa4 27.a3 Bb3 28.Rd7 Bc5 29.Rxc7
Bxa3 30.Nd3 Rd8 31.Nb4 Rd2 32.Rc8+ Kf7 33.Rc7+ Ke8 34.Ng1 Bxb4 35.cxb4 a3
36.b5 a2 37.Rc1 Be6 38.f4 Rb2 {#R} 0-1

[Event "TCh-FIN 2016-17"]
[Site "Finland FIN"]
[Date "2017.03.11"]
[Round "10.1"]
[White "Kauppila,O"]
[Black "Nyback,T"]
[Result "0-1"]
[WhiteElo "2315"]
[BlackElo "2580"]

1.e4 e5 2.Nf3 Nc6 3.Bc4 Bc5 4.b4 Bxb4 5.c3 Ba5 6.d4 d6 7.Qb3 Qd7 8.Nbd2 Bb6
9.O-O Na5 10.Qc2 f6 11.a4 Qe7 12.Ba3 Nh6 13.Rfb1 Nf7 14.Bb4 Nxc4 15.Nxc4 Be6
16.Ne3 c6 17.a5 Bc7 18.Ba3 Rb8 19.a6 b6 20.d5 cxd5 21.exd5 Bd7 22.Re1 O-O
23.Rad1 Rfe8 24.Bb4 g6 25.Nc4 Qd8 26.Qa2 Kg7 27.h3 Bb5 28.Nfd2 f5 29.Nf3 Qd7
30.Na3 Bxa6 31.Nc2 Bb5 32.c4 Ba4 33.Ra1 Bxc2 34.Qxc2 a5 35.Bc3 Kg8 36.Rab1
Rec8 37.Qe2 Bd8 38.Ba1 Qa4 39.Rec1 b5 40.c5 Qe4 41.Qd2 Rxc5 {#R} 0-1

[Event "TCh-FIN 2016-17"]
[Site "Finland FIN"]
[Date "2017.03.11"]
[Round "10.2"]
[White "Miezis,N"]
[Black "Wallin,A"]
[Result "1-0"]
[WhiteElo "2503"]
[BlackElo "2239"]

1.c4 c6 2.e4 d5 3.cxd5 cxd5 4.exd5 Nf6 5.Qa4+ Nbd7 6.Nc3 g6 7.Nf3 Bg7 8.Bc4
O-O 9.d3 a6 10.Qa3 b6 11.O-O Bb7 12.Re1 b5 13.Bb3 Re8 14.Bd2 Nb6 15.Ne4 Nbxd5
16.Nc5 Bc8 17.Ne5 Bf5 18.h3 h5 19.Rac1 a5 20.Bd1 Nd7 21.Ncxd7 Bxd7 22.Bf3 b4
23.Qb3 e6 24.Rc5 a4 25.Qc4 Rc8 26.Rxc8 Qxc8 27.Nxd7 Qxd7 28.Bxd5 exd5 29.Rxe8+
Qxe8 30.Qxd5 Qe2 31.Bxb4 Bxb2 32.Qe4 Qd1+ 33.Qe1 Qc2 34.Qe8+ Kg7 35.Bf8+ Kg8
36.Be7+ Kg7 37.Qf8+ Kh7 38.Qxf7+ Kh8 39.Qxg6 Qc1+ 40.Kh2 Qc7+ 41.Bd6 Be5+
42.Bxe5+ Qxe5+ 43.g3 Qc5 44.Qf6+ Kg8 45.Qe6+ Kg7 46.Kg2 Qd4 47.Qe4 Qc3 48.Qxa4
Qxd3 49.Qa7+ Kg6 50.Qb6+ Kg7 51.Qb7+ Kg6 52.a4 h4 53.Qc6+ Kg7 54.Qf3 {#r} 1-0

[Event "TCh-FIN 2016-17"]
[Site "Finland FIN"]
[Date "2017.03.11"]
[Round "10.3"]
[White "Huovinen,Jere"]
[Black "Seeman,T"]
[Result "1-0"]
[WhiteElo "2276"]
[BlackElo "2407"]

1.d4 Nf6 2.c4 g6 3.Nc3 Bg7 4.e4 d6 5.g3 O-O 6.Bg2 e5 7.d5 a5 8.Nge2 Na6 9.O-O
c6 10.b3 cxd5 11.Nxd5 Nxd5 12.Qxd5 Nc7 13.Qd3 b5 14.Rd1 bxc4 15.bxc4 Na6
16.Nc3 Bg4 17.f3 Be6 18.Nb5 Nb4 19.Qe2 Qb6+ 20.Kh1 Qc6 21.Bf1 Rad8 22.Bd2 f5
23.a3 Nc2 24.Rac1 Nd4 25.Nxd4 exd4 26.Bxa5 Rde8 27.Bg2 fxe4 28.fxe4 Be5 29.Bb4
Qa6 30.Rd2 Rc8 31.Bf1 Rc7 32.c5 Qxe2 33.Bxe2 dxc5 34.Rxc5 Rxc5 35.Bxc5 Ra8
36.Bb5 Bh3 37.Kg1 Kg7 38.a4 h5 39.Bxd4 Kf6 40.Bxe5+ Kxe5 41.Kf2 Be6 42.Ke3 g5
43.Rc2 h4 44.Rc5+ Kf6 45.gxh4 gxh4 46.Kf4 h3 47.Rc7 Bb3 48.e5+ Ke6 49.Bd7+
{#r} 1-0

[Event "TCh-FIN 2016-17"]
[Site "Finland FIN"]
[Date "2017.03.11"]
[Round "10.6"]
[White "Halmeenmaki,T"]
[Black "Sassi,P"]
[Result "1-0"]
[WhiteElo "2167"]
[BlackElo "2005"]

1.Nf3 c5 2.g3 d5 3.Bg2 Nf6 4.O-O e6 5.d3 Nc6 6.Nbd2 Be7 7.e4 b6 8.Re1 Bb7 9.a3
Qc7 10.c3 O-O 11.e5 Nd7 12.Qe2 b5 13.Nf1 a5 14.Bf4 b4 15.Ne3 Nb6 16.Ng4 a4
17.Nf6+ Kh8 18.Ng5 h6 19.Qh5 Bxf6 20.exf6 Qd7 21.Ne4 {#r} 1-0

[Event "TCh-FIN 2016-17"]
[Site "Finland FIN"]
[Date "2017.03.11"]
[Round "10.6"]
[White "Koskinen,Hen"]
[Black "Nivala,T"]
[Result "1-0"]
[WhiteElo "2244"]
[BlackElo "2255"]

1.c4 e5 2.g3 Be7 3.Bg2 f5 4.Nc3 d6 5.e3 Nf6 6.Nge2 O-O 7.O-O c6 8.d4 Na6 9.b3
Qe8 10.Ba3 Nc7 11.Rb1 Be6 12.d5 cxd5 13.Nxd5 Nfxd5 14.cxd5 Bd7 15.Qd2 Rc8
16.Bb2 Na6 17.Rfc1 Nc5 18.b4 Ne4 19.Qe1 Qg6 20.f4 Qh6 21.Rxc8 Bxc8 22.Rc1 exf4
23.Nxf4 Bf6 24.Bxf6 Qxf6 25.Rc7 Qd8 26.Qc1 Qe8 27.Bxe4 fxe4 28.Qc3 Bd7 29.Rxb7
Rf7 30.Qc7 Qf8 31.Rb8 Be8 32.Qd8 Re7 33.Qxd6 g5 34.Nh3 Qg7 35.Nf2 Qf7 36.Qh6
Qxd5 37.Qf6 Re6 38.Qd8 Qf5 39.Qd4 Re7 40.Qc4+ Kf8 41.Rc8 h6 42.Qc5 Qxc5
43.Rxc5 Kg7 44.Kf1 Bh5 45.h4 Kf6 46.Rc6+ Kg7 47.hxg5 hxg5 48.g4 Be8 49.Rc5 Kh6
50.Ke2 Bd7 51.Ke1 Be8 52.Rc4 Bg6 53.Rc6 Kg7 54.a4 Bf7 55.Rc5 Kh6 56.b5 Be8
57.Nh3 Re6 58.Rxg5 a6 59.Rc5 axb5 60.g5+ Kg7 61.Nf4 Rb6 62.Rc7+ Kf8 63.axb5
Bxb5 64.Kf2 Be8 65.Kg3 Rb3 66.Ne6+ Kg8 67.Kf4 Rb6 68.Ke5 Bf7 69.Nd4 Rg6 70.Kf4
Kf8 71.Nf5 Re6 72.Rc8+ Be8 73.Nd4 Re7 74.Nc6 Rg7 75.Ne5 Rg8 76.Nd7+ Ke7 77.Nf6
Rf8 78.Rxe8+ {#r} 1-0

[Event "TCh-FIN 2016-17"]
[Site "Finland FIN"]
[Date "2017.03.11"]
[Round "10.7"]
[White "Franssila,T"]
[Black "Anttila,P"]
[Result "1-0"]
[WhiteElo "2198"]
[BlackElo "2178"]

1.e4 e6 2.d4 d5 3.Nd2 h6 4.Ngf3 c5 5.exd5 Qxd5 6.Bc4 Qd8 7.Ne4 Nf6 8.Nxc5 Bxc5
9.dxc5 Qxd1+ 10.Kxd1 Nbd7 11.Be3 Ng4 12.b4 Nxe3+ 13.fxe3 a5 14.c3 Nf6 15.Ne5
Ke7 16.Kc2 Rd8 17.Rad1 Bd7 18.Nxd7 Nxd7 19.Kb3 Ne5 20.Be2 Rdc8 21.Rd6 Rc7
22.Rhd1 g5 23.Rb6 Nd7 24.Rb5 Ra7 25.Bf3 Ne5 26.a4 g4 27.Be2 Rc6 28.Rb6 Rxb6
29.cxb6 Ra8 30.Bb5 f5 31.bxa5 Rxa5 32.c4 h5 33.c5 Ra8 34.Kb4 Rf8 35.g3 h4
36.a5 hxg3 37.hxg3 Rh8 38.Kb3 Ra8 39.a6 bxa6 40.b7 Rb8 41.c6 {#r} 1-0

[Event "TCh-FIN 2016-17"]
[Site "Finland FIN"]
[Date "2017.03.11"]
[Round "10.8"]
[White "Tommiska,M"]
[Black "Tuononen,J"]
[Result "0-1"]
[WhiteElo "2173"]
[BlackElo "2181"]

1.e4 c5 2.Nf3 Nc6 3.Bb5 Nf6 4.e5 Nd5 5.Nc3 Nc7 6.Bxc6 dxc6 7.d3 g6 8.Ne4 b6
9.Bg5 Bg7 10.Nd6+ Kf8 11.Nxc8 Rxc8 12.O-O Ne6 13.Re1 h6 14.Be3 Kg8 15.Qe2 Qc7
16.d4 cxd4 17.Nxd4 Nxd4 18.Bxd4 Kh7 19.Qf3 Rhd8 20.Rad1 e6 21.h4 h5 22.Bc3 Rd5
23.Rxd5 cxd5 24.Re2 Kg8 25.g3 b5 26.a3 Qb6 27.Qd3 Rc4 28.b3 Rc8 29.Bd4 Qa5
30.Qe3 Qxa3 31.Bxa7 Bxe5 32.Qxe5 Qxa7 33.Qf6 Qd7 34.Kh2 b4 35.Qg5 Rc3 36.g4
hxg4 37.h5 Rh3+ 38.Kg2 Rxh5 39.Qxg4 Qe7 40.f4 Qh4 41.Qxh4 Rxh4 42.Kg3 Rh1
43.Kg2 Rc1 44.Kf2 Kg7 45.Ke3 Kf6 46.Kd4 Rf1 47.c4 bxc3 48.Kxc3 Rxf4 49.Rb2 Ke7
{#R} 0-1

[Event "Dutch League 2016-17"]
[Site "Netherlands NED"]
[Date "2017.03.11"]
[Round "7.1"]
[White "Van Wely,L"]
[Black "Schoppen,Casper"]
[Result "1-0"]
[WhiteElo "2674"]
[BlackElo "2297"]
[EventType "team-tourn"]

1.Nf3 Nf6 2.c4 e6 3.Nc3 d5 4.d4 Bb4 5.Bg5 h6 6.Bxf6 Qxf6 7.Qb3 c5 8.cxd5 exd5
9.a3 Bxc3+ 10.Qxc3 Nd7 11.g3 O-O 12.Bg2 b6 13.O-O Bb7 14.Rfd1 Rfd8 15.b4 c4
16.b5 a6 17.a4 Qe7 18.e3 Ra7 19.Nd2 Rda8 20.bxa6 Rxa6 21.Nxc4 Rxa4 22.Rxa4
Rxa4 23.Nb2 Ra2 24.Nd3 Qd6 25.Qb4 Qxb4 26.Nxb4 Ra5 27.Rc1 Rb5 28.Rb1 Kf8
29.Bf1 Ra5 30.Bh3 Ke7 31.Nd3 Ba6 32.Nb4 Bb7 33.Bf5 Kd6 34.h4 Rb5 35.Bh3 Nf6
36.Bf1 Ra5 37.Nd3 Nd7 38.Nf4 g5 39.Nh5 gxh4 40.gxh4 Ba6 41.Ng7 Bxf1 42.Kxf1
Ra8 43.Ke2 Rg8 44.Nf5+ Ke6 45.Ng3 Rc8 46.Kf3 Rc2 47.Nh5 Kd6 48.Nf4 Kc6 49.Nd3
Kd6 50.Kf4 Rc3 51.Ne5 Nxe5 52.dxe5+ Kc5 53.Kf5 Rc2 54.f4 Re2 55.Rc1+ Kb4
56.Kf6 Rxe3 57.Kxf7 Rf3 58.Ke6 Rxf4 59.Kxd5 Rxh4 60.e6 Rg4 61.Rb1+ Ka5 62.e7
Rg8 63.Kc6 h5 64.Rb5+ Ka6 65.Rxb6+ Ka7 66.Rb7+ Ka6 67.Rb1 h4 68.Ra1# 1-0

[Event "Dutch League 2016-17"]
[Site "Netherlands NED"]
[Date "2017.03.11"]
[Round "7.3"]
[White "Admiraal,M"]
[Black "Bosman,M"]
[Result "1-0"]
[WhiteElo "2444"]
[BlackElo "2352"]
[EventType "team-tourn"]

1.e4 e5 2.Nf3 Nc6 3.Bc4 Bc5 4.O-O Nf6 5.d3 d6 6.c3 a6 7.Re1 Ba7 8.a4 h6 9.Na3
O-O 10.Nc2 Ne7 11.Be3 Ng6 12.Bxa7 Rxa7 13.d4 Re8 14.dxe5 dxe5 15.Qxd8 Rxd8
16.Rad1 Bd7 17.a5 Raa8 18.Ne3 Kf8 19.Nd2 Ba4 20.b3 Bc6 21.f3 Rd7 22.b4 Rad8
23.Nb3 Rxd1 24.Rxd1 Rxd1+ 25.Nxd1 Ne7 26.Ne3 Nc8 27.Nc5 Nd6 28.Bb3 Ke7 29.Kf2
Bd7 30.Ke1 Bc8 31.Kd2 h5 32.Nd3 Nd7 33.Nf2 c6 34.Kd3 g6 35.Kd2 f5 36.exf5 gxf5
37.g3 Nf8 38.Nd3 Ng6 39.f4 Ne4+ 40.Kc2 exf4 41.Nxf4 Nxf4 42.gxf4 Be6 43.Bxe6
Kxe6 44.Kd3 c5 45.Kc4 cxb4 46.cxb4 Nf6 47.Nc2 Ng4 48.Nd4+ Kd7 49.h4 Ne3+
50.Kc5 Ng2 51.Kb6 Kc8 52.Nxf5 Nxf4 53.Nd6+ Kb8 54.Nxb7 Nd5+ 55.Kxa6 Nxb4+
56.Kb6 Nd5+ 57.Kc5 Ne7 58.Nd6 Ka7 59.Kb5 Ka8 60.Kb6 Nd5+ 61.Kc5 Ne7 62.a6 Ka7
63.Kb5 Nd5 64.Ka5 Kb8 65.Nb5 Ka8 66.Nd4 Ka7 67.Nb5+ Kb8 68.Ka4 Kc8 69.Kb3 Kd7
70.Kc4 Nb6+ 71.Kc5 Na4+ 72.Kd5 Nb6+ 73.Ke5 Kc6 74.Nd4+ Kc7 75.Kf5 Nc8 76.Kg5
Kb6 77.Kxh5 Nd6 78.Kg6 Nc4 79.h5 Ne5+ 80.Kf5 Nf7 81.Kf6 Nh6 82.Kg6 Ng4 83.Nf3
Kxa6 84.Kg5 {#r} 1-0

[Event "Dutch League 2016-17"]
[Site "Netherlands NED"]
[Date "2017.03.11"]
[Round "7.4"]
[White "Van Haastert,E"]
[Black "Van der Lende,I"]
[Result "1-0"]
[WhiteElo "2447"]
[BlackElo "2347"]
[EventType "team-tourn"]

1.e4 e6 2.d4 d5 3.Nc3 Bb4 4.e5 c5 5.a3 Bxc3+ 6.bxc3 Ne7 7.Qg4 cxd4 8.Bd3 Qc7
9.Ne2 O-O 10.cxd4 Nbc6 11.O-O Ng6 12.h4 f5 13.Qh3 h6 14.Qg3 Kh7 15.a4 b6
16.Ba3 Rg8 17.Rfc1 Na5 18.h5 Nh8 19.Qh3 Nf7 20.f4 Kh8 21.Kf2 g5 22.hxg6 Rxg6
23.Qh5 Kg7 24.Bf8+ Kh7 25.g4 Bd7 26.gxf5 exf5 27.Rg1 Nh8 28.Qxh6+ Rxh6 29.Rg7#
1-0

[Event "Dutch League 2016-17"]
[Site "Netherlands NED"]
[Date "2017.03.11"]
[Round "7.6"]
[White "Van Wessel,R"]
[Black "Dek,L"]
[Result "1-0"]
[WhiteElo "2405"]
[BlackElo "2266"]
[EventType "team-tourn"]

1.d4 d5 2.c4 c6 3.Nc3 Nf6 4.Nf3 a6 5.c5 Bf5 6.Bf4 Nbd7 7.Rc1 Nh5 8.e3 Nxf4
9.exf4 Bg4 10.Qb3 Qc7 11.Ne5 Nxe5 12.fxe5 f6 13.Be2 Bxe2 14.Nxe2 g6 15.O-O Bh6
16.f4 O-O 17.Qh3 Bg7 18.Qe6+ Kh8 19.Rc3 Qc8 20.Qxc8 Raxc8 21.Rb3 Rc7 22.Rff3
Kg8 23.h4 e6 24.Rfe3 Kf7 25.Rb6 Re8 26.b4 h5 27.a4 Ra8 28.Rb3 Bh6 29.exf6 Kxf6
30.Kf2 Kf7 31.b5 axb5 32.axb5 Bg7 33.bxc6 bxc6 34.Rb7 Ra7 35.Rxc7+ Rxc7 36.Ke3
Bf6 37.g3 Ra7 38.Ng1 Ke7 39.Nf3 Kf7 40.Rb6 Ra3+ 41.Ke2 Ra2+ 42.Kf1 Ra1+ 43.Kg2
Ra2+ 44.Kh3 Ra3 45.Ne5+ Bxe5 46.dxe5 Rc3 47.Rxc6 Rc2 48.Rc7+ Kf8 49.c6 d4
50.g4 Rc3+ 51.Kg2 hxg4 52.Rd7 Rxc6 53.Kg3 Rc1 54.Kxg4 Rg1+ 55.Kf3 Rf1+ 56.Ke4
Rh1 57.Rh7 Rd1 58.h5 gxh5 59.Rxh5 d3 60.Rh6 Ke7 61.Ke3 Kf7 62.Rh7+ Ke8 63.Ra7
{#r} 1-0

[Event "Dutch League 2016-17"]
[Site "Netherlands NED"]
[Date "2017.03.11"]
[Round "7.7"]
[White "Klein,Da"]
[Black "Wiersma,E"]
[Result "0-1"]
[WhiteElo "2511"]
[BlackElo "2346"]
[EventType "team-tourn"]

1.e4 c5 2.Nf3 e6 3.g3 Nc6 4.Bg2 Nf6 5.Qe2 d6 6.c3 Be7 7.d4 cxd4 8.cxd4 d5 9.e5
Ne4 10.O-O O-O 11.Be3 b6 12.Rc1 Qd7 13.Ne1 f6 14.f3 Ng5 15.exf6 Bxf6 16.Rd1
Nf7 17.Bf2 Nd6 18.Nc3 Nf5 19.Nc2 Qf7 20.f4 Bd7 21.Rd2 Rae8 22.Rad1 Kh8 23.Ne1
g5 24.fxg5 Bxg5 25.Rd3 Nb4 26.Rf3 Qg7 27.Nc2 Nc6 28.Qf1 e5 29.Nxd5 e4 30.Rxf5
Rxf5 31.Nde3 Rf7 32.Qe2 Bf6 33.Be1 Qg6 34.Bc3 Bg7 35.Re1 b5 36.Nd5 e3 37.Nf4
Rxf4 38.gxf4 b4 39.Nxb4 Nxd4 40.Bxd4 Bxd4 41.Kh1 Qg7 42.Bf3 Qh6 43.Nd5 Bc6
44.Rg1 Qd6 45.Rg5 Bxd5 46.Bxd5 Qxf4 47.Qg2 Qxg5 {#R} 0-1

[Event "Dutch League 2016-17"]
[Site "Netherlands NED"]
[Date "2017.03.11"]
[Round "7.8"]
[White "Pijpers,A"]
[Black "Ducarmon,Q"]
[Result "1-0"]
[WhiteElo "2480"]
[BlackElo "2467"]
[EventType "team-tourn"]

1.e4 c6 2.d4 d5 3.e5 c5 4.dxc5 Nc6 5.Nf3 Bg4 6.c3 e6 7.Be3 Nge7 8.Bb5 a6 9.Ba4
Qc7 10.Nbd2 Ng6 11.h3 Bxf3 12.Nxf3 Nxe5 13.Nxe5 Qxe5 14.O-O Be7 15.Bd4 Qf4
16.Bxg7 Rg8 17.Bd4 Bd8 18.Qe2 Bc7 19.g3 Ke7 20.Bxc6 bxc6 21.Rae1 Rab8 22.b4 a5
23.a3 axb4 24.axb4 Qf5 25.Kh2 f6 26.f4 h5 27.Rf3 Kd7 28.Qd3 Qxd3 29.Rxd3 h4
30.Bxf6 hxg3+ 31.Kg2 Bxf4 32.Rf3 Bh6 33.Be5 Ra8 34.Re2 Raf8 35.Ra2 Rxf3
36.Kxf3 Rg5 37.Ra7+ Ke8 38.Bxg3 Bg7 39.b5 cxb5 40.c6 Bxc3 41.Ra8+ Kf7 42.c7
{#r} 1-0

[Event "Dutch League 2016-17"]
[Site "Netherlands NED"]
[Date "2017.03.11"]
[Round "7.1"]
[White "Van Foreest,Lucas"]
[Black "Werle,J"]
[Result "0-1"]
[WhiteElo "2350"]
[BlackElo "2551"]
[EventType "team-tourn"]

1.e4 e6 2.d4 d5 3.exd5 exd5 4.Bf4 Bd6 5.Qd2 Nf6 6.Nc3 O-O 7.O-O-O Re8 8.f3 c6
9.Bd3 Bxf4 10.Qxf4 Nbd7 11.g4 Nf8 12.Nge2 a5 13.g5 Nh5 14.Qh4 g6 15.Ng3 Ng7
16.f4 Qd6 17.Rdf1 Re3 18.Kd2 Rxd3+ 19.Kxd3 Nf5 20.Nxf5 Bxf5+ 21.Kd2 Ne6 22.Kc1
Nxd4 23.Rf2 Re8 24.Rg2 Re3 25.Nd1 Re4 26.Nc3 Qxf4+ 27.Qxf4 Rxf4 28.h4 Ne6
29.Ne2 Ra4 30.b3 Rxa2 31.Nc3 Ra1+ 32.Nb1 Be4 33.Rgh2 Bxh1 34.Rxh1 Ra2 35.Nc3
Ra1+ 36.Nb1 Kf8 37.Kb2 Rxb1+ 38.Rxb1 b6 39.c4 Ke7 40.cxd5 cxd5 41.Kc3 Ng7
42.b4 a4 43.b5 Nf5 44.Kb4 d4 45.Rc1 Ne3 46.Rc6 d3 47.Kc3 Nd5+ 48.Kd2 a3 49.Rc8
a2 50.Ra8 Nb4 51.Kc3 Ke6 52.Ra7 Kd6 53.Ra8 Kc5 54.Ra4 Kxb5 55.Ra3 Kc5 56.Ra7
Kd6 57.Ra8 Ke6 58.Ra7 f6 59.gxf6 Kxf6 60.Ra8 Ke7 61.Ra7+ Ke6 62.Ra8 h6 63.Re8+
Kf5 64.Ra8 Kg4 65.Ra4 Kh5 66.Kd2 b5 67.Ra8 Kxh4 68.Kc3 g5 69.Kb2 g4 {#R} 0-1

[Event "Dutch League 2016-17"]
[Site "Netherlands NED"]
[Date "2017.03.11"]
[Round "7.2"]
[White "Brenninkmeijer,J"]
[Black "Van Foreest,Jorden"]
[Result "0-1"]
[WhiteElo "2502"]
[BlackElo "2615"]
[EventType "team-tourn"]

1.d4 d5 2.c4 c6 3.Nf3 Nf6 4.Qc2 dxc4 5.Qxc4 Bg4 6.Nbd2 Nbd7 7.g3 e6 8.Bg2 Be7
9.O-O O-O 10.Ne5 Bh5 11.Nxd7 Nxd7 12.Nb3 a5 13.a4 Nb6 14.Qc2 Nd5 15.e4 Nb4
16.Qc3 Qb6 17.Be3 Qa6 18.f3 Rfd8 19.Rfd1 b6 20.Bf2 Bg6 21.Bf1 Qb7 22.Nd2 Bf6
23.Nc4 c5 24.e5 cxd4 25.Rxd4 Nd5 26.Qb3 Be7 27.Rad1 Bc5 28.R4d2 Bb4 29.Rd4 Qc7
30.Ne3 Ne7 31.Nc4 Rxd4 32.Bxd4 Nd5 33.Ne3 Rd8 34.Bg2 Nxe3 35.Bxe3 Rxd1+
36.Qxd1 Bc2 37.Qd4 Bc5 38.Qc3 Bxe3+ 39.Qxe3 Bxa4 40.Qd4 Bc6 41.f4 Bxg2 42.Kxg2
h6 43.g4 b5 44.Kg3 b4 45.h4 Qc2 46.h5 Qb3+ 47.Kh4 Qd5 48.Qb6 Kh7 49.Qa7 Qg2
50.g5 hxg5+ 51.fxg5 Qe4+ {#R} 0-1

[Event "Dutch League 2016-17"]
[Site "Netherlands NED"]
[Date "2017.03.11"]
[Round "7.6"]
[White "Geurink,J"]
[Black "Lai,Hing Ting"]
[Result "0-1"]
[WhiteElo "2359"]
[BlackElo "2417"]
[EventType "team-tourn"]

1.e4 c6 2.d4 d5 3.e5 Bf5 4.c4 e6 5.Nc3 Ne7 6.a3 Nd7 7.cxd5 Nxd5 8.Nge2 Be7
9.Ng3 Bg6 10.Be2 O-O 11.O-O Nxc3 12.bxc3 Qa5 13.Bd2 c5 14.Bf3 Rad8 15.Qe2 Qa4
16.Be3 cxd4 17.cxd4 b5 18.Nh5 Bxh5 19.Bxh5 Nb6 20.Qg4 Rfe8 21.Qg3 Bf8 22.Bd1
Qa5 23.Bc2 Nd5 24.Be4 Rd7 25.h3 Rc8 26.Qh4 g6 27.Bxd5 Rxd5 28.Rfc1 Rdd8 29.Kh2
Qa6 30.Qe4 Rc4 31.Rxc4 bxc4 32.a4 c3 33.Rb1 Qxa4 34.Rb7 a5 35.Rc7 Bb4 36.Bg5
Rb8 37.d5 exd5 38.Qxd5 Qe8 39.Bf6 Qe6 40.Qd4 Re8 41.Qf4 Rc8 42.Rxc8+ Qxc8
43.Bg5 c2 44.Bh6 Bf8 45.e6 fxe6 {#R} 0-1

[Event "Dutch League 2016-17"]
[Site "Netherlands NED"]
[Date "2017.03.11"]
[Round "7.7"]
[White "Maris,Iv"]
[Black "Wempe,Jo"]
[Result "1-0"]
[WhiteElo "2338"]
[BlackElo "2283"]
[EventType "team-tourn"]

1.d4 e6 2.Bf4 Nf6 3.Nd2 Nh5 4.Be3 b6 5.Nh3 Be7 6.Nf4 Nf6 7.f3 c5 8.c3 Qc7
9.Nd3 c4 10.Bf4 d6 11.Nb4 Nh5 12.Be3 O-O 13.Bf2 f5 14.e3 d5 15.g4 fxg4 16.fxg4
Nf6 17.Bg3 Bd6 18.Bxd6 Qxd6 19.g5 Nfd7 20.Qe2 a5 21.Nc2 e5 22.Bg2 e4 23.O-O-O
b5 24.Rdf1 Nc6 25.Nxe4 dxe4 26.Bxe4 Ra7 27.Qh5 g6 28.Qh6 Nd8 29.Qh4 Bb7
30.Bxb7 Rxb7 31.e4 b4 32.e5 Qc6 33.Qg4 b3 34.axb3 cxb3 35.Ne3 Qa4 36.Kd2 Qa2
37.Nc4 Qa4 38.Nd6 Rc7 39.e6 Rxf1 40.e7 Rf2+ 41.Ke3 Rf8 42.exd8=Q Rxd8 43.Qe6+
Kh8 44.Nf7+ Kg7 45.Nxd8 Qc4 46.Qe7+ Kg8 47.Ne6 {#r} 1-0

[Event "Dutch League 2016-17"]
[Site "Netherlands NED"]
[Date "2017.03.11"]
[Round "7.8"]
[White "Paulet,I"]
[Black "Kramer,Julian"]
[Result "0-1"]
[WhiteElo "2250"]
[BlackElo "2312"]
[EventType "team-tourn"]

1.e4 c5 2.Nf3 d6 3.Bb5+ Bd7 4.Bxd7+ Nxd7 5.O-O Ngf6 6.Re1 e6 7.c4 Ne5 8.d3 Be7
9.a3 O-O 10.b4 Nxf3+ 11.Qxf3 Nd7 12.Bb2 Ne5 13.Qe2 Bf6 14.b5 Nxd3 15.Qxd3 Bxb2
16.Ra2 Bd4 17.Nd2 Qd7 18.Nf3 e5 19.a4 g6 20.a5 Rae8 21.a6 b6 22.Rae2 Qe6
23.Nxd4 cxd4 24.h3 Rc8 25.Rc2 Rc7 26.f3 f5 27.exf5 Qxf5 28.Re4 Rfc8 29.g4 Qf7
30.f4 Rxc4 31.Rxc4 Rxc4 32.fxe5 Rc1+ 33.Kg2 Rc3 34.Qe2 Qd5 35.Kh2 d3 36.Qe3
Rc2+ 37.Kg3 Re2 38.Qg5 dxe5 39.Rxe2 dxe2 40.Kf2 Qd1 41.Qxe5 Qf1+ {#R} 0-1